00505nam a22001697a 450000500170000001000130001702000110003003500120004103700160005308200080006910000330007724500740011024600490018426000420023327000430027530000170031820220913115732.0 aUR-11725 c150.00 aU-10280 bDBAD/PUBa- a841 aکشمیری لال شاکر aجب تصوّر ٹوٹا /cکشمیری لال شاکرhا ر د و aJab Tasawwar Toota /bby Kashmiri Lal Shakir aNew DelhibStar Publicationsc2007 ء a4/5B, Asaf Ali RoadbNew Delhie110002 aصc22cm(Hb)